First aid (Record no. 64980)

000 -LEADER
fixed length control field 00405nam a22001697a 4500
003 - CONTROL NUMBER IDENTIFIER
control field NUST - PNEC
005 - DATE AND TIME OF LATEST TRANSACTION
control field 20170116180902.0
008 - FIXED-LENGTH DATA ELEMENTS--GENERAL INFORMATION
fixed length control field 150901b xxu||||| |||| 00| 0 eng d
020 ## - INTERNATIONAL STANDARD BOOK NUMBER
International Standard Book Number 817179145X
040 ## - CATALOGING SOURCE
Transcribing agency LIBRARY
082 ## - DEWEY DECIMAL CLASSIFICATION NUMBER
Classification number 616.0252 GUP
100 ## - MAIN ENTRY--PERSONAL NAME
9 (RLIN) 6379
Personal name Gupta, Abhishek.
245 ## - TITLE STATEMENT
Title First aid
Statement of responsibility, etc. Abhishek Gupta
260 ## - PUBLICATION, DISTRIBUTION, ETC.
Date of publication, distribution, etc. c1990
650 ## - SUBJECT ADDED ENTRY--TOPICAL TERM
9 (RLIN) 6382
Topical term or geographic name entry element Medical
General subdivision General
942 ## - ADDED ENTRY ELEMENTS (KOHA)
Source of classification or shelving scheme
Koha item type Book
Holdings
Withdrawn status Lost status Source of classification or shelving scheme Damaged status Not for loan Permanent Location Current Location Shelving location Date acquired Total Checkouts Full call number Barcode Date last seen Price effective from Koha item type
          Pakistan Navy Engineering College (PNEC) Pakistan Navy Engineering College (PNEC)       616.0252 GUP PNECLIB-016390 09/01/2015   Book
© 2023 Central Library, National University of Sciences and Technology. All Rights Reserved.